|
|
|
|
| LEADER |
02812nam a22005415i 4500 |
| 001 |
978-1-4939-2556-8 |
| 003 |
DE-He213 |
| 005 |
20151204154553.0 |
| 007 |
cr nn 008mamaa |
| 008 |
150421s2015 xxu| s |||| 0|eng d |
| 020 |
|
|
|a 9781493925568
|9 978-1-4939-2556-8
|
| 024 |
7 |
|
|a 10.1007/978-1-4939-2556-8
|2 doi
|
| 040 |
|
|
|d GrThAP
|
| 050 |
|
4 |
|a SB123-123.5
|
| 050 |
|
4 |
|a S494.5.B563
|
| 072 |
|
7 |
|a PSTL
|2 bicssc
|
| 072 |
|
7 |
|a TCB
|2 bicssc
|
| 072 |
|
7 |
|a SCI011000
|2 bisacsh
|
| 072 |
|
7 |
|a SCI010000
|2 bisacsh
|
| 082 |
0 |
4 |
|a 631.52
|2 23
|
| 082 |
0 |
4 |
|a 660.6
|2 23
|
| 245 |
1 |
0 |
|a Advances in New Technology for Targeted Modification of Plant Genomes
|h [electronic resource] /
|c edited by Feng Zhang, Holger Puchta, James G. Thomson.
|
| 264 |
|
1 |
|a New York, NY :
|b Springer New York :
|b Imprint: Springer,
|c 2015.
|
| 300 |
|
|
|a VIII, 166 p. 32 illus., 24 illus. in color.
|b online resource.
|
| 336 |
|
|
|a text
|b txt
|2 rdacontent
|
| 337 |
|
|
|a computer
|b c
|2 rdamedia
|
| 338 |
|
|
|a online resource
|b cr
|2 rdacarrier
|
| 347 |
|
|
|a text file
|b PDF
|2 rda
|
| 505 |
0 |
|
|a Double-strand break repair and its application to genome engineering in plants -- Engineering meganuclease for precise plant genome modification -- High efficient genome modification by designed Zinc Finger Nuclease -- Engineered TAL effector proteins: versatile reagents for manipulating plant genomes -- Oligo-mediated targeted gene editing -- Gene targeting in crop species with effective selection systems -- Recombinase Technology for Precise Genome Engineering -- PBRM1: Developing CRISPR technology in major crop plants.
|
| 520 |
|
|
|a This work provides an overview of the latest advances on precise genomic engineering technologies in plants. The research provided covers a wide range of topics, including recombinase and engineered nucleases-mediated targeted modification, negative/positive selection-based homologous recombination, and oligo nucleotide-mediated recombination. The text also discusses challenges and impacts of new technologies on present regulations for genetically modified organisms (GMOs).
|
| 650 |
|
0 |
|a Life sciences.
|
| 650 |
|
0 |
|a Plant anatomy.
|
| 650 |
|
0 |
|a Plant development.
|
| 650 |
|
0 |
|a Plant genetics.
|
| 650 |
|
0 |
|a Plant breeding.
|
| 650 |
1 |
4 |
|a Life Sciences.
|
| 650 |
2 |
4 |
|a Plant Breeding/Biotechnology.
|
| 650 |
2 |
4 |
|a Plant Genetics & Genomics.
|
| 650 |
2 |
4 |
|a Plant Anatomy/Development.
|
| 700 |
1 |
|
|a Zhang, Feng.
|e editor.
|
| 700 |
1 |
|
|a Puchta, Holger.
|e editor.
|
| 700 |
1 |
|
|a Thomson, James G.
|e editor.
|
| 710 |
2 |
|
|a SpringerLink (Online service)
|
| 773 |
0 |
|
|t Springer eBooks
|
| 776 |
0 |
8 |
|i Printed edition:
|z 9781493925551
|
| 856 |
4 |
0 |
|u http://dx.doi.org/10.1007/978-1-4939-2556-8
|z Full Text via HEAL-Link
|
| 912 |
|
|
|a ZDB-2-SBL
|
| 950 |
|
|
|a Biomedical and Life Sciences (Springer-11642)
|